| 000 | 00746nam a2200205 a 4500 | ||
|---|---|---|---|
| 003 | 0 | ||
| 005 | 20250220123256.0 | ||
| 008 | 120723s19uu xx 00 eng d | ||
| 050 |
_aPGS GV 436.G46 _b.G195 2012 |
||
| 100 | _aGan, Luis Enrico C. | ||
| 245 |
_aGender and physical fitness / _cLuis Enrico C. Gan. |
||
| 260 |
_aLas PiƱas City, Philippines : _bSouthville International School and Colleges, _c2012. |
||
| 300 |
_a26 pages : _billustrations ; _c28 cm. |
||
| 504 | _aIncludes bibliographical references. | ||
| 650 |
_aPhysical fitness _vSex differences. |
||
| 650 | _aPhysical fitness for children. | ||
| 650 |
_aGender differences _vPhysical education and training. |
||
| 650 | _aStudent health and fitness. | ||
| 942 |
_2lcc _cPASS |
||
| 999 |
_c98788 _d98788 |
||